| 000 | 00746nam a2200205 i 4500 | ||
|---|---|---|---|
| 001 | 106969 | ||
| 003 | ES-MaACL | ||
| 005 | 20231223063056.0 | ||
| 008 | 061121s1925 sp |||| | spa d | ||
| 100 | 1 |
_aMoreno Villa, José, _d1887-1955 _983443 |
|
| 245 | 1 | 0 |
_aFisonomía del caserío malagueño / _cJ. Moreno Villa. |
| 260 |
_aMadrid : _bCentro de Estudios Históricos, _c1925. |
||
| 300 |
_a8 p. ; _c27 cm. |
||
| 595 | _aSeparata de: Archivo de arte y arqueología, n. III, 1925, p. 289-296. | ||
| 650 | 4 |
_aArquitectura popular- _zMálaga (Provincia) _9170874 |
|
| 650 | 4 |
_aViviendas- _zMálaga (Provincia) _9170875 |
|
| 710 | 2 |
_aCentro de Estudios Históricos. _92648 |
|
| 852 |
_aES-MaACL _j1699-F-13 |
||
| 999 |
_c106969 _d106969 |
||